000
00298nam a22001217a 4500
041
_a
ENG
100
_a
Gray,D,H
245
_a
Biotechnical And Soil Bioengineering Slope Stabilization
260
_a
New York
_b
John Wiley & Sons ,Inc
_c
1995
300
_a
378
650
_a
IDE
856
_u
IDE ( 05 )
999
_c
1556
_d
1556